000 00552nam a2200229Ia 4500
003 OSt
005 20221006141359.0
006 a|||||r|||| 00| 0
007 ta
008 221006b |||||||| |||| 00| 0 eng d
024 _a2,019
037 _cTextual
040 _aEASL
_cEASL
_beng
041 _2eng
_aeng
082 _aY:1v49B.N5
100 _aFITZGERALD
_9645526
245 0 _aConcise history of East Asia
260 _c1958
300 _ap.
_ccm.
942 _hY:1v49B.N5
_cTEXL
_2CC
999 _c1070105
_d1070105